Devine le Film à la critique Letterboxd (#2) - Statistiques

Statistiques générales
  • Ce quiz a été pris 765 fois
  • Le résultat moyen est 5 sur 15
Statistiques - réponses
Critique du Film Date de Sortie Titre du Film % Correct
pendant tout le film j’ai été énervé de savoir que j’aurai jamais Margot Robbie comme épouse donc je mets 0.5 2023 Barbie
91%
Tout ça aurait pu être évité si j’avais été le capitaine. 1997 Titanic
71%
Juste non. Je suis resté assis pendant 142 minutes à attendre qu’elle utilise enfin son arc pour se battre contre quelqu’un. 2012 The Hunger Games
68%
Nolan a tellement peur de se planter qu'il a conçu un film qu'il faut regarder deux fois. 2020 Tenet
63%
Presque une copie conforme de Jurassic World. Pas original. 1993 Jurassic Park
62%
Quelqu'un a dit "romantisons la pédophilie" et tout le monde semblait être d'accord avec ça ? COMMENT ?? 1994 Léon
32%
Pourquoi les lycéens dans ce film ont l'air aussi vieux ? 1978 Grease
22%
ouiinnnnn, un homme blanc privilégié meurt seul 1941 Citizen Kane
17%
J'ai détesté ce film quand je l'ai vu au cinéma et je le déteste encore maintenant. Le pire film de Scorsese. Mauvais à tous les niveaux. Bon, Daniel Day-Lewis n'est jamais mauvais – donc dans presque tous les cas. 2002 Gangs of New York
15%
Le réalisateur le plus obsédé des années 80 : Quel serait un bon boulot pour cette danseuse sexy en dehors de la danse ? Le scénariste le plus obsédé des années 80 : Soudeuse. Le réalisateur le plus obsédé des années 80 : Première idée, meilleure idée. Allez, on avance. 1983 Flashdance
13%
Ils nous ont fait regarder ça un million de fois en cours de musique. Je détestais à l’époque et je détesterais probablement encore aujourd’hui. 1984 Amadeus
11%
Félicitations à Baz Luhrmann pour avoir créé le premier trailer de deux heures et demie au monde. 2022 Elvis
11%
Les films d’action, ce sont juste des comédies romantiques pour les hommes qui ont besoin de thérapie. 1986 Top Gun
6%
incroyable qu’ils aient fait tout un film sur le .gif 2013 Gatsby Le Magnifique
4%
Une histoire de cupidité et de racisme du point de vue des racistes cupides. Pas pour moi. 2023 Killers of the Flower Moon
4%
Aucun quiz correspondant
Distribution des résultats
% des personnes avec chaque résultat
Percentile par nombre de réponses
Votre historique - résultats
Vous n’avez pas pris ce quiz